Olivia Rodrigo - Setlist du Sour Tour - Statistiques

Statistiques générales
  • Ce quiz a été pris 62 fois
  • Le résultat moyen est 10 sur 13
Statistiques - réponses
Hint Réponse % Correct
Sour Tour brutal
91%
Sour Tour good 4 u
91%
Sour Tour happier
91%
Sour Tour traitor
91%
Sour Tour deja vu
87%
Sour Tour enough for you & 1 step forward, 3 steps back
87%
Sour Tour hope ur ok
87%
Sour Tour drivers license
85%
Sour Tour jealousy, jealousy
77%
Sour Tour favorite crime
74%
Sour Tour All I Want
72%
Sour Tour Complicated d'Avril Lavigne
23%
Sour Tour Seether de Veruca Salt
9%
Aucun quiz correspondant
Distribution des résultats
% des personnes avec chaque résultat
Percentile par nombre de réponses
Votre historique - résultats
Vous n’avez pas pris ce quiz